Subsidence / (Record no. 121773)

MARC details
000 -LEADER
fixed length control field 00480nam a2200181ui 4500
003 - CONTROL NUMBER IDENTIFIER
control field UkOxU
008 - FIXED-LENGTH DATA ELEMENTS--GENERAL INFORMATION
fixed length control field 231221s2023 enk|||| | |||| ||eng d
020 ## - INTERNATIONAL STANDARD BOOK NUMBER
ISBN 9781906335649 (pbk.)
041 ## - LANGUAGE CODE
Language code of text/sound track or separate title eng
245 00 - TITLE STATEMENT
Title Subsidence /
Statement of responsibility, etc Institution of Structural Engineers.
264 #1 - PRODUCTION, PUBLICATION, DISTRIBUTION, MANUFACTURE, AND COPYRIGHT NOTICE
Place of production, publication, distribution, manufacture London :
Name of producer, publisher, distributor, manufacturer IStructE Ltd,
Date of production, publication, distribution, manufacture, or copyright notice 2023.
650 ## - KEYWORDS
Keywords SUBSIDENCE
651 ## - SUBJECT ADDED ENTRY--GEOGRAPHIC NAME
Geographic name United Kingdom
942 ## - ADDED ENTRY ELEMENTS (KOHA)
Suppress in OPAC Do not suppress in OPAC
336 ## - CONTENT TYPE
Content type term text
Source rdacontent
337 ## - MEDIA TYPE
Media type term unmediated
Source rdamedia
338 ## - CARRIER TYPE
Carrier type term volume
Source rdacarrier
Holdings
Lost status Source of classification or shelving scheme Damaged status Not for loan Home library Current library Shelving location Date acquired Total Checkouts Full call number Date last seen Price effective from Koha item type
  Dewey Decimal Classification     London London Folio 16/01/2024   F690.21 INS 16/01/2024 16/01/2024 Book